000 00634nam a2200181Ia 4500
008 151202s9999||||xx |||||||||||||| ||und||
082 _bPNVM-36403
100 _aचिरमुले शरदचंद्र.
245 _aवास्तुपुरुष.
260 _b"मॅजेस्टिक प्रकाशन,गिरगाव."
260 _c1986
300 _a176
600 _aचिरमुले शरदचंद्र.
630 _aवास्तुपुरुष.
700 _aचिरमुले शरदचंद्र.
730 _aवास्तुपुरुष.
942 _cBOOK
999 _c1302355
_d1302352